Principles and criteria for including land use, land-use change and forestry projects in the clean development mechanism (Registro nro. 11203)

Detalles MARC
000 -CABECERA
Campo de control 004900000a22001450004500
090 ## - CLASIFICACIÓN LOCAL
Colección AR
Consecutivo 02127
041 0# - IDIOMA
Código de idioma para texto/pista de sonido o título separado
100 1# - ASIENTO PRINCIPAL--NOMBRE PERSONAL
Nombre personal Hoffman, Forrest M.
245 10 - MENCION DE TITULO
Título Principles and criteria for including land use, land-use change and forestry projects in the clean development mechanism
650 14 - ASIENTO SECUNDARIO DE MATERIA - TERMINO TEMATICO
Término temático o nombre geográfico como elemento de entrada Desarrollo sostenible
650 14 - ASIENTO SECUNDARIO DE MATERIA - TERMINO TEMATICO
Término temático o nombre geográfico como elemento de entrada Protección de los ecosistemas
650 14 - ASIENTO SECUNDARIO DE MATERIA - TERMINO TEMATICO
Término temático o nombre geográfico como elemento de entrada Recursos forestales
773 1# - Item fuente:
Título Preprint
Especificación de materiales 3
Paginas del Articulo 1-13
Lugar, editorial y fecha de publicación 2000
942 ## - ELEMENTOS ADICIONALES (KOHA)
Tipo de ítem Artículo
Existencias
Withdrawn status Lost status Damaged status No para préstamo Colección Ubicación Permanente Ubicación actual Fecha de adquisición Fuente de Valor Datos de publicación Seriada Total Checkouts Número topográfico Inventario / Código de Barras Date last seen Ejemplar Price effective from Forma de adquisición Tipo de material
      No para Préstamo Hemeroteca Bogotá Bogotá 27/02/2015 Instituto de Ciencias Naturales Fuera de circulación   AR 02127 012509 25/03/2015 1 25/03/2015   Artículo